Quizzes
Events
Quiz Creation
Community
Videos
Private Events
Remove Ads
Sign In
Join for FREE
Feedback
Dark Mode
Quiz Categories
Sports
Geography
Music
Movies
Television
Just For Fun
Miscellaneous
History
Literature
Language
Science
Gaming
Entertainment
Religion
Holiday
For Kids
Quiz Lab
Recent
Popular Today
Quiz Kudos Today
Editor Picks
Curator Picks
Quizzes by...
Day
Popularity
Type
Ratings
Length
Year
Community
Subscriptions
Recent Discussions
Orange Saloon
Badges
Playlists
Quests
Create
Leaderboards
Showdown
Live 5
Trivia Bingo
Activity
Puzzle Library
Sporcle Events
Private Events
Virtual Trivia
Globe League
Become a Host
Pub Owners
SporcleCon
Opinionation
Our Games
Videos
Blog
Mobile Apps
Partnerships
Remove Ads and Go Orange
Feedback
Sports
Athletes
MLB
NBA
NHL
NFL
Soccer
Sports Teams
WWE
NCAA
Football
Premier League
Basketball
Baseball
Hockey
Golf
Tennis
Cricket
Rugby
Auto Racing
Olympics
World Cup
Sports
Athletes
MLB
NBA
NHL
NFL
Soccer
Sports Teams
WWE
NCAA
Football
Premier League
Basketball
Baseball
Hockey
Golf
Tennis
Cricket
Rugby
Auto Racing
Olympics
World Cup
Random Quiz
Search Sporcle
×
Quiz Lab
Quiz Lab
Sports
Baseball
Type in answers that appear in a list
Type in answers that appear in a list
Classic
Best Score? Go Orange.
SF Giants Wall of Fame Stats
SF Giants Wall of Fame at Oracle Park
By
greengoats17
10m
60 Questions
249 Plays
249 Plays
249 Plays
Comments
Comments
Give Quiz Kudos
Give Quiz Kudos
-
- Ratings
hide this ad
Replay
Link that replays current quiz
Next Quiz
Link to next quiz in quiz playlist
You Got
0%
They Got
Avg Score
42%
Avg Friend Score
Upgrade to see
Score Distribution
Jump to the score distribution portion of the page
Score
0/60
Timer
10:00
0
Plays Today
Position(s)/Years played for Giants
Player
% Correct
OF (NYG 1951-
52, 54-
57, SFG 1958-
72)
Willie Mays
96%
OF (1968-
74)
Bobby Bonds
94.8%
OF (1993-
2007)
Barry Bonds
93.5%
1B (1959-
73, 77-
80)
Willie McCovey
90.3%
RP (2010-
2016)
Santiago Casilla
87.5%
RP (2008-
2016)
Sergio Romo
87.5%
1B (1986-
93)
Will Clark
84.7%
SP (2005-
2017)
Matt Cain
82.3%
OF (2012-
2018, 2020)
Hunter Pence
81.9%
OF (1975-
84)
Jack Clark
81.5%
SP (1960-
73)
Juan Marichal
79%
1B/
OF (1958-
66)
Orlando Cepeda
77%
RP (2009-
2015)
Jeremy Affeldt
75%
RP (2010-
2016)
Javier Lopez
75%
2B (1997-
2002)
Jeff Kent
74.6%
SP (1962-
71)
Gaylord Perry
72.6%
1B (1997-
2005, 2008)
J.T. Snow
66.9%
3B (1987-
96)
Matt Williams
65.3%
OF/
3B (1987-
91)
Kevin Mitchell
62.1%
RP (1998-
2002)
Robb Nen
60.5%
RP (2006-
2012)
Brian WIlson
60.5%
SS (1995-
2003, 2007-
09)
Rich Aurilia
59.3%
2B (1986-
96)
Robby Thompson
57.3%
SP (2001-
06)
Jason Schmidt
56.9%
Clubhouse Manager (1958-
2022)
Mike Murphy
56.1%
SP (2000-
2001, 2011-
2015)
Ryan Vogelsong
54.9%
SP (1983-
89)
Mike Krukow
54.8%
OF (1958-
63)
Felipe Alou
52.8%
RP (1991-
97)
Rod Beck
50.8%
OF (1981-
87)
Chili Davis
42.3%
Position(s)/Years played for Giants
Player
% Correct
C (1981-
89)
Bob Brenly
41.9%
SP (1996-
2005)
Kirk Rueter
41.1%
SS (1971-
77, 87-
89)
Chris Speier
40.7%
SP (1978-
81, 85-
86)
Vida Blue
40.3%
3B (1958-
70)
Jim Davenport
40.3%
SP (1974-
80)
John Montefusco
39.1%
SP (1987-
91)
Rick Reuschel
39.1%
3B/
1B (1976-
83)
Darrell Evans
36.7%
C (1987-
96)
Kirt Manwaring
35.1%
SS (1975-
85)
Johnnie LeMaster
34.7%
OF (1981-
88)
Jeffrey Leonard
34.3%
2B (1965-
67, 69-
74)
Tito Fuentes
34.3%
C (1961-
67)
Tom Haller
33.5%
Owner (1976-
1992)
Bob Lurie
32.4%
SP (NYG 1956-
57, SFG 1958-
62, 67-
70)
Mike McCormick
32.3%
3B/
OF (1963-
73)
Jim Ray Hart
31.9%
Managing General Partner (1992-
2008)
Peter Magowan
31.5%
RP (1975-
87)
Greg Minton
30.2%
C (1966-
71)
Dick Dietz
30.2%
Pitcher (1971-
78, 82-
83)
Jim Barr
29.8%
RP (1974-
84)
Gary Lavelle
29.4%
Pitcher (1982-
85, 87-
90)
Atlee Hammaker
29%
SP (1987, 1990-
94)
John Burkett
28.2%
RP (NYG 1957, SFG 1958-
62)
Stu Miller
26.6%
OF (1995-
2003)
Marvin Benard
26.2%
SP (1995-
2001)
Shawn Estes
24.6%
Pitcher (1982-
91)
Scott Garrelts
15.7%
RP (1972-
81)
Randy Moffitt
13.7%
Pitcher (1961-
69)
Bob Bolin
11.7%
Pitcher (1988-
93)
Jeff Brantley
6.9%
Quiz Playlist
Details
Report
Send in Message
Add To Playlist
Classic:
Type in answers that appear in a list
Quiz Source
Last Updated: Sep 21, 2021
Quiz Scoreboard
CHALLENGE
Sign Up to Join the Scoreboard
Show All
Scores
Hide
Comments
May contain spoilers
Recently Published
Presidents Visiting Landmarks
by Hejman
History
7m
An Introduction to Baseball
by treessimontrees
Sports
5m
Movies - When Are They Set?
by FPL_Elf
Movies
5m
More to Explore
Quiz From the Vault
Featured Blog Post
Where Did the Easter Bunny Come From?
hide this ad
You Might Also Like...
Tags
Baseball Quiz
MLB Quiz
Giants
MLB All-Star
MLB MVP
MLB Player
National League
San Francisco Giants
Today's Top Quizzes in Sports
Browse Sports
hide this ad
Today's Top Quizzes in Baseball
Browse Baseball
Top Contributed Quizzes in Sports
1
Les meilleurs buteurs des matchs entre le PSG et l’OM
2
2022 World Cup Stars
3
FIFA Club World Cup Champions
4
Les entraîneurs de l'OM et du PSG au 21e siècle
5
Name the Premier League winners with different clubs
6
La finale Lions - Afrique du Sud 2021
7
5-to-1: UK Sports Teams
8
England Test cricketers to play under Nasser Hussain
9
Players with Multiple 50 Home Run Seasons
10
AFC Teams Reveal (Wrong Answers Minefield)
Explore More
Trending Topics
Harry Potter
Marvel
NBA
Anime
Disney
Kpop
Crossword
NFL
Soccer
Song
Country
Pokémon
The Office
WWE
Puzzle
hide this ad
More By:
greengoats17
Quiz
Plays
Rating
Category
Featured
Created
SF Giants Wall of Fame
249
4.50
Sports
Jun 2, 2015
SF Giants Multiple Postseason Home Runs
240
5.00
Sports
Apr 30, 2020
MLB Teams of Rusty Staub
87
4.67
Sports
Feb 15, 2018
Giants & Dodgers ejected by Joe West
33
5.00
Sports
Jul 12, 2019
MLB Teams of Johnnie LeMaster
22
Sports
Feb 15, 2018
Go to Creator's Profile
Score Distribution
Quiz Creator Spotlight
greengoats17
Follow
Send a Message
Quizzes Created
-
Created Quiz Play Count
-
More By This Creator
Popular Quizzes Today
1
Find the US States - No Outlines Minefield
2
Find the Countries of Europe - No Outlines Minefield
3
The Countries of the World
4
Find the US States
5
Popular People in 1961
6
US States
7
Risky Map Clicking: Biggest States A-Z
8
Movies - When Are They Set?
More Sports Quizzes
Pro Wrestling Crossword #2
Quiz Lab
Trending Quizzes
Risky Map Clicking: Least Populous States A-Z
1-10 Letter G Words
1-10 Letter F Words
Risky Map Clicking: Next State Alphabetically
Risky Map Clicking: Biggest States A-Z
Recently Updated
Leaping Animals
pecheneg
Reality TV Shows (A-Z)
bhenderson79
Rickey Henderson's Hall of Fame Teammates
pecheneg
Champions League XIs: Arsenal
pecheneg
Quick Pick: Celebrities in WWE's Hall of Fame
aduchscher
A-Z Keypad Blitz II
pecheneg
Multiple Oscar Actors
pecheneg
Mystery Phrase Blitz: Oscar 'Best Actors'
pecheneg
F. Scott Fitzgerald Novels
LTH
Pick 3 Villains
ddd62291
Trending Topics
Crossword
Marvel
Harry Potter
Anime
NBA
Disney
Kpop
NFL
Country
The Office
Pokémon
Puzzle
WWE
Soccer
Song
Your Account Isn't Verified!
In order to create a playlist on Sporcle, you need to verify the email address you used during registration. Go to your
Sporcle Settings
to finish the process.
Report this User
Report this user for behavior that violates our
Community Guidelines
.
Details:
Send Report
Go to the Sporcle.com Mobile Site →
Comments